00326nam a2200133Ia 4500008004100000020001500041041001200056082001600068100001600084245004300100260003400143300000800177650000700185221030s9999 xx 000 0 und d a8174091165 aEnglish a105.23bKap aP. L. Kapur 0aElectrical Engineeringcby P. L. Kapur bKhanna book Pub.aDelhic2001 a840 aEE